000
00296nam a22001337a 4500
008
180921b xxu||||| |||| 00| 0 eng d
020
_a
0060412658
041
_a
eng
080
_a
510
100
_a
37
101
_a
MAT
245
_a
Mathematics Modern Mangement
_c
Sherman.CH
942
_2
udc
_c
BK
999
_c
48168
_d
48168